Răz-gândiri

Recenzia na publikáciu Oči mysle. Eseje, kroniky, odbočky.

Gespeichert in:
Bibliographische Detailangaben
1. Verfasser: Spiridon, Vasile, 1958-
Format: Buchkapitel
Sprache:Rumänisch
Schlagworte:
Tags: Tag hinzufügen
Keine Tags, Fügen Sie das erste Tag hinzu!

MARC

LEADER 00000naa a2200000 4500
001 0277031
005 20240502083840.0
041 0 |a rum 
044 |a RO 
245 1 0 |a Răz-gândiri  |c Vasile Spiridon 
520 |a Recenzia na publikáciu Oči mysle. Eseje, kroniky, odbočky. 
610 2 0 |a literatúra 
610 2 0 |a recenzie 
100 1 |a Spiridon, Vasile, 1958-